banner-ar

مدخل الى علم الاجتماع السياسى / (Record no. 46077)

MARC details
000 -الفاتح
حقل البيانات ثابتة الطول 00579nam a2200157Ia 4500
008 - عناصر البيانات ثابتة الطول - معلومات عامة
حقل البيانات ثابتة الطول 140319s9999 xx 000 0 ara d
040 ## - مصدر الفهرسة
وكالة الفهرسة الأصلية GCL /
وكالة النسخ GCL
082 04 - رقم تصنيف ديوى العشرى
رقم التصنيف 301.1543329
رقم المادة ش م
100 1# - المدخل الرئيسى - إسم شخصى
الإسم الشخصى شوميلييه جاندرو كورفوازييه
245 10 - بيان العنوان
العنوان مدخل الى علم الاجتماع السياسى /
بيان المسئوليه,etc شوميلييه جاندرو كورفوازييه
700 1# - المدخل الاضافى - اسم شخصى
الإسم الشخصى اسماعيل الغزال
260 ## - PUBLICATION, DISTRIBUTION, ETC. (IMPRINT)
تاريخ النشر أو التوزيع 1988
300 ## - الوصف المادى
التعداد 192 ص
490 ## - بيان السلسلة
عنوان السلسلة
260 ## - PUBLICATION, DISTRIBUTION, ETC. (IMPRINT)
-- [S.N] :
-- المؤسسة الجامعية للدراسات والنشر والتوزيع ،
Holdings
حالة التراجع حالة الفقد حالة تلف ليس للاعارة المكان المؤقت الموقع الحالى تاريخ الاكتساب اجمالي اﻻعارات رقم الطلب الباركود تاريخ اخر مشاهدة تاريخ تفعيل السعر نوع وعاء كوها
        مكتبة القاهرة الكبرى مكتبة القاهرة الكبرى 03/26/2014   301.1543329\ش م 112239 03/26/2014 03/26/2014 كتاب

Powered By

EGPV